Statistiques concernant 15 pilotes de formule 1 français

Cliquez ici pour prendre le quiz!

Statistiques générales

  • Ce quiz a été pris 157 fois
  • Le résultat moyen est 6 sur 15

Statistiques - réponses

HintRéponse% Correct
1Pierre Gasly
96%
2Esteban Ocon
93%
3Alain Prost
90%
6Romain Grosjean
59%
7Jean Alesi
49%
4Jules Bianchi
47%
15Olivier Panis
37%
5Jean Eric Vergne
33%
14Jacques Laffite
28%
13Didier Pironi
22%
8René Arnoux
21%
10François Cevert
19%
11Jean-Pierre Jabouille
19%
12Maurice Trintignant
16%
9Patrick Depailler
11%

Distribution des résultats

Percentile par nombre de réponses

% des personnes avec chaque résultat

Votre développement - résultats

Vous n’avez pas pris ce quiz